[Event "Kreuzberg Open"]
[Site "Berlin"]
[Date "2005.07.08"]
[Round "7"]
[White "Kaphle, Sebastian"]
[Black "Jenull, Marco"]
[Result "0-1"]
[WhiteElo "1944"]
[BlackElo "2156"]
[PlyCount "46"]
[EventDate "2005.07.??"]
[EventType "swiss"]
[EventRounds "9"]
[EventCountry "GER"]
[Source "SC Kreuzberg"]
[SourceDate "2005.07.24"]

1. e4 e5 2. Nf3 Nc6 3. Bc4 Nf6 4. Nc3 Nxe4 5. Bxf7+ Kxf7 6. Nxe4 d5 7. Nc3 Be7
8. d3 Rf8 9. Qe2 Bf6 10. Bd2 Kg8 11. h3 Nd4 12. Qd1 Nxf3+ 13. Qxf3 e4 14. Qe2
exd3 15. Qxd3 Re8+ 16. Kd1 Be6 17. g4 c5 18. f4 c4 19. Qg3 d4 20. Ne4 Bh4 21.
Qh2 Bd5 22. g5 Bxe4 23. Rg1 Bf3+ 0-1

[Event "Kreuzberg Open"]
[Site "Berlin"]
[Date "2005.07.08"]
[Round "7"]
[White "Bruening, Wolfgang"]
[Black "Fruebing, Stefan"]
[Result "0-1"]
[WhiteElo "2046"]
[BlackElo "2280"]
[PlyCount "90"]
[EventDate "2005.07.??"]
[EventType "swiss"]
[EventRounds "9"]
[EventCountry "GER"]
[Source "SC Kreuzberg"]
[SourceDate "2005.07.24"]

1. d4 Nf6 2. c4 g6 3. Nc3 Bg7 4. g3 O-O 5. Bg2 d6 6. Nf3 Nbd7 7. O-O e5 8. e4
exd4 9. Nxd4 Re8 10. b3 a6 11. Bb2 Nc5 12. Re1 Ng4 13. f4 f5 14. b4 Nxe4 15.
Nxe4 fxe4 16. Bxe4 Kh8 17. Qc2 Nf6 18. Bf3 c5 19. bxc5 dxc5 20. Nb3 Bf5 21. Qg2
Qd3 22. Nxc5 Qxc4 23. Rec1 Qb4 24. a3 Qb6 25. Kh1 Rad8 26. g4 Bd3 27. Nxd3 Rxd3
28. Be5 Qe3 29. Bxb7 Rxa3 30. Rab1 Rb3 31. Bxa6 Nxg4 32. Bxg7+ Kxg7 33. Rc7+
Kh8 34. Rf1 Nf6 35. Bb7 Rc3 36. Rf7 Qe6 37. Rxf6 Qxf6 38. Be4 Re3 39. Bc6 R8e7
40. Bd5 Re1 41. Bc4 Kg7 42. Qf3 Qd4 43. Rxe1 Rxe1+ 44. Bf1 Qe4 45. Qxe4 Rxe4
0-1

[Event "Kreuzberg Open"]
[Site "Berlin"]
[Date "2005.07.08"]
[Round "7"]
[White "Koenig, Frank"]
[Black "Kievelitz, Bernd"]
[Result "1/2-1/2"]
[WhiteElo "2008"]
[BlackElo "2112"]
[PlyCount "84"]
[EventDate "2005.07.??"]
[EventType "swiss"]
[EventRounds "9"]
[EventCountry "GER"]
[Source "SC Kreuzberg"]
[SourceDate "2005.07.24"]

1. Nf3 Nf6 2. c4 b6 3. g3 Bb7 4. Bg2 e6 5. O-O Be7 6. Nc3 O-O 7. d3 c5 8. e4 d6
9. Qe2 a6 10. d4 cxd4 11. Nxd4 Qc7 12. f4 Nbd7 13. Bd2 Rfd8 14. Rac1 Rac8 15.
b3 Qb8 16. Rfd1 Bf8 17. Kh1 Qa8 18. Re1 Re8 19. Rcd1 g6 20. b4 e5 21. fxe5 Nxe5
22. Nd5 Nxd5 23. cxd5 Nc4 24. Qf2 Nxd2 25. Rxd2 b5 26. Bh3 Rc7 27. Bg2 Bg7 28.
Rf1 Be5 29. a3 Qa7 30. Nb3 Qxf2 31. Rdxf2 f6 32. Na5 Kg7 33. Nxb7 Rxb7 34. Rc2
Ree7 35. Rfc1 Ra7 36. Kg1 a5 37. Kf1 axb4 38. axb4 Ra4 39. Rb1 Rea7 40. Ke2 Ra1
41. Rb3 R1a3 42. Rb1 Ra1 1/2-1/2

[Event "Kreuzberg Open"]
[Site "Berlin"]
[Date "2005.07.08"]
[Round "7"]
[White "Dimitrijeski, Kristian"]
[Black "Von Loehneysen, Leonard"]
[Result "1/2-1/2"]
[WhiteElo "2098"]
[BlackElo "2011"]
[PlyCount "68"]
[EventDate "2005.07.??"]
[EventType "swiss"]
[EventRounds "9"]
[EventCountry "GER"]
[Source "SC Kreuzberg"]
[SourceDate "2005.07.24"]

1. d4 Nf6 2. c4 c5 3. d5 b5 4. cxb5 a6 5. Nc3 axb5 6. e4 b4 7. Nb5 d6 8. Bf4
Nbd7 9. Nf3 Nxe4 10. Qe2 f5 11. Nd2 Ndf6 12. f3 Nxd5 13. fxe4 Nxf4 14. Qf3 e5
15. g3 fxe4 16. Qxe4 Rb8 17. gxf4 Bb7 18. Qf5 Bxh1 19. Qe6+ Be7 20. fxe5 dxe5
21. Bc4 Rf8 22. O-O-O Rf2 23. Qg8+ Bf8 24. Qe6+ Be7 25. Ne4 Qxd1+ 26. Kxd1 Bxe4
27. Nd6+ Kd8 28. Nxe4 Rxh2 29. Qxe5 Rh1+ 30. Ke2 Rb6 31. Qd5+ Kc7 32. Qe5+ Kd8
33. Qd5+ Kc7 34. Qe5+ Kd8 1/2-1/2

[Event "Kreuzberg Open"]
[Site "Berlin"]
[Date "2005.07.08"]
[Round "7"]
[White "Gremm, Juergen"]
[Black "Platzek, Janine"]
[Result "1-0"]
[WhiteElo "1972"]
[BlackElo "2070"]
[PlyCount "65"]
[EventDate "2005.07.??"]
[EventType "swiss"]
[EventRounds "9"]
[EventCountry "GER"]
[Source "SC Kreuzberg"]
[SourceDate "2005.07.24"]

1. Nc3 d5 2. e4 d4 3. Nce2 e5 4. Ng3 Nf6 5. Bc4 Nc6 6. Nf3 Be7 7. d3 Bg4 8. a3
Qd6 9. h3 Be6 10. b3 Bxc4 11. Nf5 Qd8 12. bxc4 Bf8 13. O-O g6 14. Nh6 Ng8 15.
Nxg8 Rxg8 16. Rb1 b6 17. Rb5 a6 18. Rd5 Bd6 19. c3 Ne7 20. Bg5 c6 21. Rxe5 Bxe5
22. Nxe5 Qd6 23. Ng4 O-O-O 24. cxd4 f5 25. Bxe7 Qxe7 26. Ne5 Kb7 27. Qa4 Qe6
28. c5 bxc5 29. Rb1+ Kc7 30. Qa5+ Kd6 31. Qxc5+ Kc7 32. Qa7+ Kd6 33. Nc4+ 1-0

[Event "Kreuzberg Open"]
[Site "Berlin"]
[Date "2005.07.09"]
[Round "8"]
[White "Schmidt, Peter"]
[Black "Figura, Atila Gajo"]
[Result "1/2-1/2"]
[WhiteElo "2144"]
[BlackElo "2277"]
[PlyCount "26"]
[EventDate "2005.07.??"]
[EventType "swiss"]
[EventRounds "9"]
[EventCountry "GER"]
[Source "SC Kreuzberg"]
[SourceDate "2005.07.24"]

1. Nf3 Nf6 2. d4 g6 3. Bg5 Bg7 4. Nbd2 c5 5. c3 cxd4 6. cxd4 d5 7. e3 O-O 8.
Be2 Nc6 9. O-O Qb6 10. Qb3 Qxb3 11. Nxb3 Ne4 12. Bf4 f6 13. h3 Bd7 1/2-1/2

[Event "Kreuzberg Open"]
[Site "Berlin"]
[Date "2005.07.09"]
[Round "8"]
[White "Schmidt-Schaeffer, Sebastian"]
[Black "Thinius, Marco"]
[Result "1-0"]
[WhiteElo "2322"]
[BlackElo "2354"]
[PlyCount "77"]
[EventDate "2005.07.??"]
[EventType "swiss"]
[EventRounds "9"]
[EventCountry "GER"]
[Source "SC Kreuzberg"]
[SourceDate "2005.07.24"]

1. e4 e5 2. Nf3 Nc6 3. d3 d6 4. c3 g6 5. Be2 Bg7 6. O-O Nge7 7. b4 a6 8. Nbd2
O-O 9. a4 h6 10. Bb2 f5 11. b5 Nb8 12. Qb3+ Kh7 13. d4 Nd7 14. dxe5 dxe5 15.
Ba3 Qe8 16. Qc4 fxe4 17. Nxe4 Rf4 18. Nfd2 Nb6 19. Qb3 axb5 20. axb5 Rf7 21.
Bc5 Rxa1 22. Rxa1 Ned5 23. g3 Bf5 24. Ra7 Rd7 25. c4 Nf6 26. Bf3 Qd8 27. Be3
Rd3 28. Qc2 Nxe4 29. Nxe4 Be6 30. Nc5 Bxc4 31. Nxd3 Bxd3 32. Qd1 Nc4 33. Be4
Nb2 34. Qd2 Qd6 35. Bxd3 Nxd3 36. Rxb7 e4 37. b6 cxb6 38. Bxh6 Qa3 39. Bxg7 1-0

[Event "Kreuzberg Open"]
[Site "Berlin"]
[Date "2005.07.09"]
[Round "8"]
[White "Kiesekamp, Marcos"]
[Black "Albrecht, Rainer"]
[Result "1/2-1/2"]
[WhiteElo "2245"]
[BlackElo "2226"]
[PlyCount "68"]
[EventDate "2005.07.??"]
[EventType "swiss"]
[EventRounds "9"]
[EventCountry "GER"]
[Source "SC Kreuzberg"]
[SourceDate "2005.07.24"]

1. d4 e6 2. g3 f5 3. Bg2 Nf6 4. Nh3 Be7 5. O-O O-O 6. c4 d6 7. Nc3 c6 8. Qc2 e5
9. dxe5 dxe5 10. e4 fxe4 11. Ng5 h6 12. Ngxe4 Be6 13. Nxf6+ Rxf6 14. Ne4 Rf7
15. b3 Qc7 16. Bb2 Nd7 17. Qe2 a5 18. Nd2 Bf6 19. Be4 Nf8 20. Rfe1 Re8 21. Bc3
Rd7 22. c5 Kh8 23. Nc4 Bxc4 24. Qxc4 Ne6 25. Bf5 Rd5 26. Bxe6 Rxe6 27. Rad1 Qd7
28. Qe2 Qc7 29. Qc4 Qd7 30. Qe2 Qc7 31. Qf3 Rxc5 32. Qe3 Rd5 33. Rxd5 cxd5 34.
Qd2 Qd7 1/2-1/2

[Event "Kreuzberg Open"]
[Site "Berlin"]
[Date "2005.07.09"]
[Round "8"]
[White "Shapiro, Yosip"]
[Black "Hannebauer, Torsten"]
[Result "1/2-1/2"]
[WhiteElo "2118"]
[BlackElo "2154"]
[PlyCount "54"]
[EventDate "2005.07.??"]
[EventType "swiss"]
[EventRounds "9"]
[EventCountry "GER"]
[Source "SC Kreuzberg"]
[SourceDate "2005.07.24"]

1. Nf3 Nf6 2. d4 g6 3. c4 Bg7 4. Nc3 O-O 5. e4 d6 6. Be2 e5 7. dxe5 dxe5 8.
Qxd8 Rxd8 9. Bg5 Re8 10. Nd5 Nxd5 11. cxd5 c6 12. Bc4 cxd5 13. Bxd5 Na6 14. O-O
Nc7 15. Bb3 Be6 16. Rfc1 Rac8 17. Bc4 Bxc4 18. Rxc4 Ne6 19. Rac1 Rxc4 {(=)} 20.
Rxc4 Nxg5 21. Nxg5 f6 22. Nf3 Rd8 23. Kf1 Rd7 24. Ke2 Bh6 25. Rc2 Kf7 26. Ne1
Ke6 27. Nd3 Bf8 1/2-1/2

[Event "Kreuzberg Open"]
[Site "Berlin"]
[Date "2005.07.09"]
[Round "8"]
[White "Von Herman, Ulf"]
[Black "Fleischer, Andy"]
[Result "1-0"]
[WhiteElo "2367"]
[BlackElo "2056"]
[PlyCount "75"]
[EventDate "2005.07.??"]
[EventType "swiss"]
[EventRounds "9"]
[EventCountry "GER"]
[Source "SC Kreuzberg"]
[SourceDate "2005.07.24"]

1. d4 Nf6 2. c4 e5 3. dxe5 Ng4 4. e3 d6 5. Nf3 Nc6 6. exd6 Bxd6 7. h3 Nge5 8.
Bd2 Bf5 9. Bc3 Qe7 10. Bxe5 Nxe5 11. Nc3 O-O 12. Nd4 Bg6 13. Be2 Rad8 14. O-O
c6 15. Qd2 f5 16. Rad1 Bc7 17. Qc1 Rf6 18. c5 Bf7 19. b4 Ng6 20. Rfe1 Ne5 21.
Nf3 Rxd1 22. Qxd1 Nxf3+ 23. Bxf3 Qe5 24. Qd3 Qh2+ 25. Kf1 b5 26. cxb6 axb6 27.
Qa6 g6 28. Ne2 b5 29. Qc8+ Kg7 30. g3 Be5 31. Qd7 Qxh3+ 32. Kg1 h5 33. e4 Rd6
34. Qc8 Rd3 35. exf5 Qxf5 36. Qxf5 gxf5 37. Bxc6 Bxa2 38. Nc1 1-0

[Event "Kreuzberg Open"]
[Site "Berlin"]
[Date "2005.07.09"]
[Round "8"]
[White "Schlemermeyer, Wilhelm"]
[Black "Decker, Nils"]
[Result "1-0"]
[WhiteElo "2346"]
[BlackElo "2031"]
[PlyCount "65"]
[EventDate "2005.07.??"]
[EventType "swiss"]
[EventRounds "9"]
[EventCountry "GER"]
[Source "SC Kreuzberg"]
[SourceDate "2005.07.24"]

1. c4 e5 2. Nc3 Nc6 3. g3 g6 4. Bg2 Bg7 5. d3 Nge7 6. e3 d6 7. Nge2 h5 8. h3 a5
9. Rb1 Bf5 10. a3 Qd7 11. b4 axb4 12. axb4 O-O 13. Nd5 Ra7 14. Nec3 Rfa8 15. b5
Na5 16. e4 Be6 17. Nxc7 Qxc7 18. b6 Qc8 19. bxa7 Rxa7 20. Be3 Ra6 21. Nd5 Nac6
22. h4 Bg4 23. f3 Be6 24. Qb3 Kf8 25. Nxe7 Nxe7 26. O-O b6 27. Bxb6 Bh6 28. Bf2
Nc6 29. Ra1 Nd4 30. Qb2 Rc6 31. Ra7 Rc7 32. Rxc7 Qxc7 33. Bxd4 1-0

[Event "Kreuzberg Open"]
[Site "Berlin"]
[Date "2005.07.09"]
[Round "8"]
[White "Fruebing, Stefan"]
[Black "Mielke, Norman"]
[Result "0-1"]
[WhiteElo "2280"]
[BlackElo "2019"]
[PlyCount "82"]
[EventDate "2005.07.??"]
[EventType "swiss"]
[EventRounds "9"]
[EventCountry "GER"]
[Source "SC Kreuzberg"]
[SourceDate "2005.07.24"]

1. e4 c5 2. Nf3 Nc6 3. Nc3 e5 4. Bc4 d6 5. d3 Be7 6. Nd2 Nf6 7. Nf1 Bg4 8. f3
Be6 9. Ne3 O-O 10. O-O Rb8 11. a4 Nb4 12. Qe2 a6 13. g3 Qc7 14. Re1 Rfe8 15.
Ned5 Nbxd5 16. exd5 Bd7 17. a5 Kh8 18. Qf2 h6 19. Be3 Rf8 20. Na4 Nh7 21. Nb6
Bf5 22. f4 exf4 23. Bxf4 Bg6 24. g4 Bf6 25. Qg3 Rfd8 26. c3 Be7 27. h4 Nf6 28.
Re2 Bf8 29. Rae1 Re8 30. Rxe8 Rxe8 31. Rxe8 Nxe8 32. Qe3 Qe7 33. Qxe7 Bxe7 34.
Nc8 Bf8 35. b4 cxb4 36. cxb4 Kg8 37. Kf2 h5 38. gxh5 Bxh5 39. b5 axb5 40. Bxb5
Nc7 41. Bxd6 Nxb5 0-1

[Event "Kreuzberg Open"]
[Site "Berlin"]
[Date "2005.07.09"]
[Round "8"]
[White "Boettcher, Patrick"]
[Black "Kohler, Thomas"]
[Result "1/2-1/2"]
[WhiteElo "2152"]
[BlackElo "2245"]
[PlyCount "23"]
[EventDate "2005.07.??"]
[EventType "swiss"]
[EventRounds "9"]
[EventCountry "GER"]
[Source "SC Kreuzberg"]
[SourceDate "2005.07.24"]

1. e4 e5 2. Nf3 Nc6 3. Bb5 Nf6 4. O-O Nxe4 5. d4 Nd6 6. Bxc6 dxc6 7. dxe5 Nf5
8. Qxd8+ Kxd8 9. b3 h6 10. Bb2 a5 11. Nc3 Be6 12. h3 1/2-1/2

[Event "Kreuzberg Open"]
[Site "Berlin"]
[Date "2005.07.09"]
[Round "8"]
[White "Schulz, Michael"]
[Black "Gremm, Juergen"]
[Result "1-0"]
[WhiteElo "2233"]
[BlackElo "1972"]
[PlyCount "95"]
[EventDate "2005.07.??"]
[EventType "swiss"]
[EventRounds "9"]
[EventCountry "GER"]
[Source "SC Kreuzberg"]
[SourceDate "2005.07.24"]

1. d4 d5 2. Bg5 Nf6 3. Bxf6 exf6 4. e3 Bd6 5. c4 c6 6. cxd5 cxd5 7. Nc3 Nc6 8.
Nge2 O-O 9. g3 Re8 10. Bg2 Bf5 11. Nxd5 Be4 12. Bxe4 Rxe4 13. Ndc3 Bb4 14. a3
Bxc3+ 15. Nxc3 Re8 16. O-O f5 17. Qf3 Qg5 18. h4 Qg6 19. Rac1 Rad8 20. Nd5 Qd6
21. Rc5 Ne5 22. Qxf5 b6 23. Ne7+ Rxe7 24. Rxe5 Rxe5 25. Qxe5 Qxe5 26. dxe5 Kf8
27. Rc1 Rd7 28. Rc2 Ke7 29. f4 Ke6 30. Kf2 h5 31. Kf3 g6 32. Rc6+ Ke7 33. Ke4
Kf8 34. b4 Ke7 35. a4 Kf8 36. e6 fxe6 37. Rxe6 Rc7 38. Rd6 Kf7 39. a5 Rc4+ 40.
Rd4 Rc7 41. axb6 axb6 42. Kd3 Ke6 43. Rc4 Rd7+ 44. Ke4 Rd6 45. b5 Kd7 46. Rd4
Ke6 47. Rxd6+ Kxd6 48. Kd4 1-0

[Event "Kreuzberg Open"]
[Site "Berlin"]
[Date "2005.07.09"]
[Round "8"]
[White "Harndt, Jan-Michael"]
[Black "Lueders, Gerhard"]
[Result "0-1"]
[WhiteElo "2084"]
[BlackElo "2229"]
[PlyCount "68"]
[EventDate "2005.07.??"]
[EventType "swiss"]
[EventRounds "9"]
[EventCountry "GER"]
[Source "SC Kreuzberg"]
[SourceDate "2005.07.24"]

1. e4 c5 2. Nf3 d6 3. d4 cxd4 4. Nxd4 Nf6 5. Nc3 a6 6. Bc4 e6 7. Bb3 Be7 8. g4
Nc6 9. g5 Nxd4 10. Qxd4 Nh5 11. Rg1 O-O 12. Be3 b5 13. O-O-O g6 14. e5 d5 15.
Qg4 Bd7 16. Qh4 a5 17. Bxd5 exd5 18. Nxd5 Bf5 19. Nf6+ Bxf6 20. gxf6 Qc7 21.
Rd2 Rfd8 22. Qxh5 Rxd2 23. c3 Rc2+ 24. Kb1 Rxf2+ 25. Ka1 Rf1+ 26. Rxf1 gxh5 27.
Rxf5 Qd7 28. Rf1 Kh8 29. Bh6 Rg8 30. a3 Rg6 31. Bf4 Qf5 32. Rf2 Rg1+ 33. Ka2 a4
34. Bg3 Qb1# 0-1

[Event "Kreuzberg Open"]
[Site "Berlin"]
[Date "2005.07.09"]
[Round "8"]
[White "Jaeger, Andre"]
[Black "Kaphle, Stephan"]
[Result "1/2-1/2"]
[WhiteElo "2153"]
[BlackElo "1980"]
[PlyCount "108"]
[EventDate "2005.07.??"]
[EventType "swiss"]
[EventRounds "9"]
[EventCountry "GER"]
[Source "SC Kreuzberg"]
[SourceDate "2005.07.24"]

1. d4 Nf6 2. c4 g6 3. g3 c5 4. Nf3 Bg7 5. Bg2 Nc6 6. Nc3 cxd4 7. Nxd4 Qb6 8.
Nb3 O-O 9. c5 Qd8 10. O-O b6 11. cxb6 Qxb6 12. Be3 Qc7 13. Rc1 Bb7 14. Nb5 Qe5
15. Nc5 Bc8 16. Nd4 Nd5 17. Nxc6 dxc6 18. Nd3 Qf6 19. Bc5 Ba6 20. e4 Nb6 21.
Re1 Rfd8 22. Rc3 Bb5 23. e5 Qe6 24. Qc2 Na4 25. Nf4 Qd7 26. Rce3 e6 27. Bd6 Nb6
28. b3 Nd5 29. Nxd5 cxd5 30. Rc3 Rac8 31. Rc1 Ba6 32. Bf1 Rxc3 33. Qxc3 Qxd6
34. exd6 Bxc3 35. Rxc3 Bxf1 36. Kxf1 Rxd6 37. Rc7 a6 38. f4 h6 39. Ke2 Kg7 40.
Kd3 Rb6 41. Kd4 Rb5 42. Rc6 a5 43. Rc5 Rxc5 44. Kxc5 Kf6 45. a3 Ke7 46. Kb5 Kd6
47. Kxa5 Kc6 48. Kb4 Kb6 49. Kc3 f6 50. Kd4 Kc6 51. a4 Kd6 52. b4 e5+ 53. fxe5+
fxe5+ 54. Ke3 Kc6 1/2-1/2

[Event "Kreuzberg Open"]
[Site "Berlin"]
[Date "2005.07.09"]
[Round "8"]
[White "Koenig, Frank"]
[Black "Hohn, August"]
[Result "1-0"]
[WhiteElo "2008"]
[BlackElo "2115"]
[PlyCount "37"]
[EventDate "2005.07.??"]
[EventType "swiss"]
[EventRounds "9"]
[EventCountry "GER"]
[Source "SC Kreuzberg"]
[SourceDate "2005.07.24"]

1. Nf3 d5 2. c4 c6 3. g3 Nf6 4. Bg2 Nbd7 5. b3 Qb6 6. O-O e5 7. cxd5 Nxd5 8.
Bb2 Bd6 9. e4 N5f6 10. d4 Qc7 11. Nc3 O-O 12. Rc1 a6 13. Re1 Re8 14. Nd5 Nxd5
15. exd5 e4 16. dxc6 bxc6 17. Ng5 f5 18. d5 c5 19. Qh5 1-0

[Event "Kreuzberg Open"]
[Site "Berlin"]
[Date "2005.07.10"]
[Round "9"]
[White "Berger, Steve"]
[Black "Schmidt-Schaeffer, Sebastian"]
[Result "0-1"]
[WhiteElo "2428"]
[BlackElo "2322"]
[PlyCount "66"]
[EventDate "2005.07.??"]
[EventType "swiss"]
[EventRounds "9"]
[EventCountry "GER"]
[Source "SC Kreuzberg"]
[SourceDate "2005.07.24"]

1. e4 d6 2. d4 Nf6 3. Nc3 Nbd7 4. g4 h6 5. h3 e5 6. Nge2 c6 7. Bg2 b5 8. a3 a5
9. O-O Bb7 10. Ng3 b4 11. Nce2 h5 12. g5 h4 13. Nf5 g6 14. Nxd6+ Bxd6 15. gxf6
bxa3 16. f4 Qb6 17. b3 exd4 18. Kh1 c5 19. c3 O-O 20. e5 Bxg2+ 21. Kxg2 Nxe5
22. fxe5 Bxe5 23. Bh6 Rfe8 24. Bg7 dxc3 25. Ra2 Qc6+ 26. Rf3 Rad8 27. Qe1 Rd3
28. Ng1 Bxf6 29. Qxe8+ Qxe8 30. Rxd3 Qe4+ 31. Rf3 Kxg7 32. Re2 Qxe2+ 33. Nxe2
a2 0-1

[Event "Kreuzberg Open"]
[Site "Berlin"]
[Date "2005.07.10"]
[Round "9"]
[White "Figura, Atila Gajo"]
[Black "Haemmerlein, Thomas"]
[Result "1-0"]
[WhiteElo "2277"]
[BlackElo "2193"]
[PlyCount "75"]
[EventDate "2005.07.??"]
[EventType "swiss"]
[EventRounds "9"]
[EventCountry "GER"]
[Source "SC Kreuzberg"]
[SourceDate "2005.07.24"]

1. d4 f5 2. Nc3 d5 3. Bf4 Nf6 4. e3 e6 5. Bd3 a6 6. Nf3 c5 7. Ne5 Nc6 8. Nxc6
bxc6 9. O-O Bd6 10. Bxd6 Qxd6 11. Na4 c4 12. Be2 O-O 13. b3 cxb3 14. axb3 Nd7
15. c4 Qb4 16. Qc2 a5 17. cxd5 cxd5 18. Qc6 Qb7 19. Qxe6+ Rf7 20. Bf3 Nf6 21.
Qb6 Qa7 22. Qxa7 Raxa7 23. Nc5 g5 24. Rfc1 Rfe7 25. g3 h5 26. Ra3 Kg7 27. Nd3
Bd7 28. Rc5 Ne4 29. Rcxa5 Rc7 30. Bxe4 fxe4 31. Nc5 Bg4 32. b4 h4 33. Kf1 hxg3
34. hxg3 Bc8 35. b5 Rf7 36. b6 Rc6 37. Rb5 Rcf6 38. Rb2 1-0

[Event "Kreuzberg Open"]
[Site "Berlin"]
[Date "2005.07.10"]
[Round "9"]
[White "Thinius, Marco"]
[Black "Shapiro, Yosip"]
[Result "1-0"]
[WhiteElo "2354"]
[BlackElo "2118"]
[PlyCount "99"]
[EventDate "2005.07.??"]
[EventType "swiss"]
[EventRounds "9"]
[EventCountry "GER"]
[Source "SC Kreuzberg"]
[SourceDate "2005.07.24"]

1. e4 c5 2. Nf3 e6 3. d4 cxd4 4. Nxd4 Nf6 5. Nc3 Nc6 6. Nxc6 dxc6 7. Qxd8+ Kxd8
8. e5 Nd5 9. Ne4 Kc7 10. a3 f5 11. exf6 Nxf6 12. Bf4+ Kb6 13. Nd2 a6 14. Nc4+
Ka7 15. g3 b5 16. Ne5 Nd5 17. Bd2 Bb7 18. Bg2 Be7 19. O-O Bf6 20. Rfe1 Rhd8 21.
Ba5 Re8 22. c4 bxc4 23. Nxc4 Bd4 24. Rac1 e5 25. Rc2 Re6 26. Nd2 Rae8 27. Nb3
Nb6 28. Be4 g6 29. Nc5 Bxc5 30. Rxc5 Nd5 31. Rec1 Rd6 32. Bd2 Red8 33. Bg5 R8d7
34. h4 Kb6 35. b4 Ka7 36. Re1 Re6 37. Bg2 Rdd6 38. Kh2 Re8 39. f4 e4 40. Rxe4
Rde6 41. Rcc4 Kb6 42. Rxe6 Rxe6 43. Re4 Rxe4 44. Bxe4 Kb5 45. f5 gxf5 46. Bxf5
h5 47. g4 hxg4 48. h5 g3+ 49. Kxg3 c5 50. h6 1-0

[Event "Kreuzberg Open"]
[Site "Berlin"]
[Date "2005.07.10"]
[Round "9"]
[White "Albrecht, Rainer"]
[Black "Schlemermeyer, Wilhelm"]
[Result "1/2-1/2"]
[WhiteElo "2226"]
[BlackElo "2346"]
[PlyCount "35"]
[EventDate "2005.07.??"]
[EventType "swiss"]
[EventRounds "9"]
[EventCountry "GER"]
[Source "SC Kreuzberg"]
[SourceDate "2005.07.24"]

1. d4 Nf6 2. c4 e6 3. Nc3 Bb4 4. g3 O-O 5. Bg2 d5 6. cxd5 exd5 7. Nf3 c6 8. O-O
Re8 9. Ne5 Nbd7 10. Nd3 Bf8 11. f3 Nb6 12. Re1 Bf5 13. e3 Rc8 14. a3 Bxd3 15.
Qxd3 c5 16. dxc5 Bxc5 17. b4 Be7 18. Nb5 1/2-1/2

[Event "Kreuzberg Open"]
[Site "Berlin"]
[Date "2005.07.10"]
[Round "9"]
[White "Mielke, Norman"]
[Black "Kiesekamp, Marcos"]
[Result "0-1"]
[WhiteElo "2019"]
[BlackElo "2245"]
[PlyCount "76"]
[EventDate "2005.07.??"]
[EventType "swiss"]
[EventRounds "9"]
[EventCountry "GER"]
[Source "SC Kreuzberg"]
[SourceDate "2005.07.24"]

1. e4 c5 2. c3 Nf6 3. e5 Nd5 4. Nf3 d6 5. Bc4 e6 6. O-O Nc6 7. d4 cxd4 8. cxd4
Be7 9. a3 O-O 10. Bd3 Qc7 11. Qe2 Kh8 12. Re1 a6 13. Qe4 f5 14. exf6 Nxf6 15.
Qh4 Bd8 16. Nc3 Qf7 17. Ng5 Qg8 18. Bf4 Be7 19. d5 exd5 20. Rxe7 Nxe7 21. Bxd6
Nf5 22. Bxf5 Bxf5 23. Bxf8 Qxf8 24. Qf4 Bg6 25. Rd1 Re8 26. Nxd5 h6 27. Nh3
Nxd5 28. Qxf8+ Rxf8 29. Rxd5 Rc8 30. Kf1 Rc2 31. Nf4 Be4 32. Rd4 Bc6 33. Rb4 g5
34. Ng6+ Kg7 35. Ne5 Bb5+ 36. Ke1 Re2+ 37. Kd1 Rxe5 38. a4 Bc6 0-1

[Event "Kreuzberg Open"]
[Site "Berlin"]
[Date "2005.07.10"]
[Round "9"]
[White "Federau, Juergen"]
[Black "Schulz, Michael"]
[Result "1-0"]
[WhiteElo "2236"]
[BlackElo "2233"]
[PlyCount "69"]
[EventDate "2005.07.??"]
[EventType "swiss"]
[EventRounds "9"]
[EventCountry "GER"]
[Source "SC Kreuzberg"]
[SourceDate "2005.07.24"]

1. d4 Nf6 2. c4 c5 3. d5 e6 4. Nc3 exd5 5. cxd5 d6 6. e4 g6 7. f4 Qe7 8. Qc2
Bg7 9. Be2 a6 10. a4 O-O 11. Nf3 Nbd7 12. O-O Re8 13. Nd2 Rb8 14. a5 h5 15. h3
b5 16. axb6 Nxb6 17. Bf3 Ng4 18. Nb3 c4 19. Na5 Bd4+ 20. Kh1 Qh4 21. Nd1 Qg3
22. Bxg4 hxg4 23. Nc6 Bc5 24. Nxb8 gxh3 25. Nxa6 Bxa6 26. Rxa6 Nxd5 27. exd5
Re1 28. Ra8+ Kh7 29. Rxe1 Qxe1+ 30. Kh2 Qg1+ 31. Kxh3 Qh1+ 32. Kg3 Bg1 33. Nf2
Qh2+ 34. Kf3 f5 35. Nh3 1-0

[Event "Kreuzberg Open"]
[Site "Berlin"]
[Date "2005.07.10"]
[Round "9"]
[White "Kohler, Thomas"]
[Black "Dimitrijeski, Kristian"]
[Result "1/2-1/2"]
[WhiteElo "2245"]
[BlackElo "2098"]
[PlyCount "36"]
[EventDate "2005.07.??"]
[EventType "swiss"]
[EventRounds "9"]
[EventCountry "GER"]
[Source "SC Kreuzberg"]
[SourceDate "2005.07.24"]

1. c4 Nf6 2. Nc3 g6 3. g3 Bg7 4. Bg2 O-O 5. e4 d6 6. Nge2 e5 7. O-O Nc6 8. d3
Nh5 9. Be3 Ne7 10. d4 Be6 11. dxe5 dxe5 12. Qxd8 Rfxd8 13. Nd5 Rd7 14. Rfd1 c6
15. Nxe7+ Rxe7 16. b3 Ree8 17. Nc1 Nf6 18. Nd3 Nd7 1/2-1/2

[Event "Kreuzberg Open"]
[Site "Berlin"]
[Date "2005.07.10"]
[Round "9"]
[White "Lueders, Gerhard"]
[Black "Boettcher, Patrick"]
[Result "1/2-1/2"]
[WhiteElo "2229"]
[BlackElo "2152"]
[PlyCount "29"]
[EventDate "2005.07.??"]
[EventType "swiss"]
[EventRounds "9"]
[EventCountry "GER"]
[Source "SC Kreuzberg"]
[SourceDate "2005.07.24"]

1. d4 g6 2. c4 Nf6 3. Nc3 d5 4. cxd5 Nxd5 5. e4 Nxc3 6. bxc3 Bg7 7. Be3 c5 8.
Bc4 Nc6 9. Ne2 O-O 10. O-O Bg4 11. f3 Na5 12. Bd3 cxd4 13. cxd4 Be6 14. Qa4 a6
15. Rad1 1/2-1/2

[Event "Kreuzberg Open"]
[Site "Berlin"]
[Date "2005.07.10"]
[Round "9"]
[White "Jaeschke, Jens-Uwe"]
[Black "Koenig, Frank"]
[Result "1/2-1/2"]
[WhiteElo "2164"]
[BlackElo "2008"]
[PlyCount "58"]
[EventDate "2005.07.??"]
[EventType "swiss"]
[EventRounds "9"]
[EventCountry "GER"]
[Source "SC Kreuzberg"]
[SourceDate "2005.07.24"]

1. d4 Nf6 2. Nf3 g6 3. Nbd2 Bg7 4. e4 d6 5. Bd3 O-O 6. O-O Nbd7 7. c3 Re8 8.
Re1 e5 9. Qc2 Bh6 10. b3 Nh5 11. g3 Nf8 12. dxe5 dxe5 13. Nc4 Bxc1 14. Raxc1 f6
15. Rcd1 Qe7 16. Ne3 c6 17. Be2 Be6 18. Nd2 Ng7 19. Bc4 Rad8 20. b4 b5 21.
Bxe6+ Nfxe6 22. a4 a6 23. axb5 axb5 24. Nb3 Ng5 25. Kg2 Qe6 26. g4 Nh5 27. Nc5
Nf4+ 28. Kg3 Nh5+ 29. Kg2 Nf4+ 1/2-1/2

[Event "Kreuzberg Open"]
[Site "Berlin"]
[Date "2005.07.10"]
[Round "9"]
[White "Hahlbohm, Matthias"]
[Black "Jenull, Marco"]
[Result "1-0"]
[WhiteElo "2102"]
[BlackElo "2156"]
[PlyCount "83"]
[EventDate "2005.07.??"]
[EventType "swiss"]
[EventRounds "9"]
[EventCountry "GER"]
[Source "SC Kreuzberg"]
[SourceDate "2005.07.24"]

1. e4 e5 2. Nf3 Nc6 3. Bb5 a6 4. Ba4 Nf6 5. O-O Be7 6. Re1 b5 7. Bb3 O-O 8. c3
d6 9. h3 Re8 10. d4 Bb7 11. Nbd2 Bf8 12. Bc2 h6 13. Nf1 exd4 14. cxd4 Nb4 15.
Ng3 Nxc2 16. Qxc2 c5 17. d5 g6 18. Bd2 Bg7 19. Rad1 Rc8 20. Nh2 Nd7 21. Bc3
Bxc3 22. Qxc3 Qf6 23. Qc1 h5 24. f4 c4 25. Nf3 Nc5 26. e5 Qg7 27. Ne4 Nxe4 28.
Rxe4 Rc5 29. Red4 Rd8 30. e6 fxe6 31. dxe6 Bxf3 32. gxf3 Qe7 33. Qe3 d5 34. f5
gxf5 35. Kh1 Qf6 36. Rg1+ Kh8 37. Rg5 Rc7 38. Rh4 Rh7 39. Rgxh5 Rxh5 40. Rxh5+
Kg7 41. Qa7+ Kf8 42. Rh7 1-0